Entremeses variados

Αποθηκεύτηκε σε:
Λεπτομέρειες βιβλιογραφικής εγγραφής
Κύριος συγγραφέας: Vizcaíno Casas, Fernando
Μορφή: Βιβλίο
Γλώσσα:Undetermined
Έκδοση: Barcelona, España Planeta 1991
Θέματα:
Ετικέτες: Προσθήκη ετικέτας
Δεν υπάρχουν, Καταχωρήστε ετικέτα πρώτοι!

MARC

LEADER 00000nam a2200000Ia 4500
008 170316s9999 xx 000 0 und d
999 |c 25964  |d 25964 
040 |a cru BVZT 
090 |a 862 V-28e 
100 |a Vizcaíno Casas, Fernando 
245 |a Entremeses variados 
260 |a Barcelona, España  |b Planeta  |c 1991 
300 |a 234 páginas 
650 |a LITERATURA ESPAÑOLA  |9 23 
942 |c 15 D  |h 862 V-28e  |2 z